Магнитно-абразивное полирование плоскостей деталей машин и приборов

Chi tiết về thư mục
Tác giả khác: Маслов Е. Н. (редактор)
Ngôn ngữ:Tiếng Nga
Được phát hành: Москва, Машиностроение, 1987
Loạt:Новости технологии
Những chủ đề:
Định dạng: Sách
KOHA link:https://koha.lib.tpu.ru/cgi-bin/koha/opac-detail.pl?biblionumber=273544

MARC

LEADER 00000nam0a2200000 4500
001 273544
005 20231101234636.0
020 |a RU  |b 87-85080 
035 |a (RuTPU)RU\TPU\book\296753 
090 |a 273544 
100 |a 20141027d1987 k y0rusy5003 ca 
101 0 |a rus 
102 |a RU 
105 |a a z 001zy 
200 1 |a Магнитно-абразивное полирование плоскостей деталей машин и приборов  |f под ред. Е. Н. Маслова 
210 |a Москва  |c Машиностроение  |d 1987 
215 |a 48 с.  |c ил. 
225 1 |a Новости технологии 
320 |a Библиогр.: с. 43 (9 назв.) 
606 1 |a Полирование металлов  |2 stltpush  |3 (RuTPU)RU\TPU\subj\50438  |9 69116 
610 1 |a магнитно-абразивная полировка 
610 1 |a разновидности 
610 1 |a точность 
610 1 |a качество 
610 1 |a применение 
610 1 |a индукторы 
610 1 |a конструкции 
675 |a 621.923.7  |z rus  |v 4 
702 1 |a Маслов  |b Е. Н.  |4 340 
801 0 |a RU  |b RuMRKP  |c 19950417  |g psbo 
801 1 |a RU  |b 63413507  |c 20141027 
801 2 |a RU  |b 63413507  |c 20170113  |g RCR 
942 |c BK